| 000 | 01772nam0a2200385 4500 | ||
|---|---|---|---|
| 001 | RU\NLR\BIBL_A\012622012 | ||
| 005 | 20211115155046.0 | ||
| 010 |
_a978-5-4448-1536-6 _91000 |
||
| 021 |
_aRU _bКН-П-21-041440 _9КН-П-21-3254 |
||
| 035 | _a(NLR Aleph) 012622012 | ||
| 090 |
_a12641448 _c12641448 |
||
| 100 | _a20211015d2021 u y0rusy50 ca | ||
| 101 | 0 | _arus | |
| 102 | _aRU | ||
| 105 | _ay z 001zy | ||
| 181 | 0 |
_ai4 _baxxe |
|
| 182 | 0 | _an | |
| 200 | 1 |
_a"И вечные французы..." _eодиннадцать статей из истории французской и русской литературы _fВера Мильчина |
|
| 203 |
_aТекст _bвизуальный _cнепосредственный |
||
| 210 |
_aМосква _cНовое литературное обозрение _d2021 |
||
| 215 |
_a214, [2] с. _d22 |
||
| 225 | 1 |
_aНовое литературное обозрение _iНаучное приложение _vвып. 216 |
|
| 225 | 1 | _aНаучная библиотека | |
| 320 | _aБиблиогр.: с. 190-206 и в подстроч. примеч. | ||
| 320 | _aУказ. имен: с. 207-214 | ||
| 606 | 1 |
_aФранцузская литература _xСвязи _xРусская литература _92430423 _3RU\NLR\AUTH\661446669 |
|
| 606 | 1 |
_aРусская литература _xСвязи _xФранцузская литература _92468006 _3RU\NLR\AUTH\661466029 |
|
| 686 | 1 | _aШ5(4Фр)-318.3 | |
| 686 | 1 | _aШ5(2=Р)-318.3 | |
| 700 | 1 |
_7ca _8rus _aМильчина _bВ. А. _f1953- _gВера Аркадьевна _91438 _3RU\NLR\AUTH\7718360 |
|
| 942 | _cBOOK | ||
| 980 | _aNB | ||